[Event "VII Weekend A"]
[Site "Porto Sant'Elpidio ITA"]
[Date "2004.11.20"]
[Round "4"]
[White "Bastarelli, Giuseppe"]
[Black "Fioravanti, Emidio"]
[Result "1-0"]
[WhiteElo "2089"]
[BlackElo "1910"]
[PlyCount "117"]
[EventDate "2004.11.13"]

1. d4 c6 2. c4 d5 3. Nf3 Nf6 4. Nc3 e6 5. e3 Be7 6. Bd3 dxc4 7. Bxc4 Nbd7 8.
O-O O-O 9. e4 Ne8 10. Be3 Qc7 11. Qe2 Nb6 12. Bb3 Bd7 13. Rac1 Rc8 14. Rfd1 Qb8
15. Ne5 Rd8 16. f4 Bc8 17. a3 Bd6 18. Nd3 Kh8 19. g4 Nc7 20. f5 exf5 21. gxf5
Nd7 22. Rf1 Ne8 23. e5 Nxe5 24. dxe5 Bxe5 25. Nxe5 Qxe5 26. Bxa7 Qxe2 27. Nxe2
Rd2 28. Bc5 Nd6 29. Rc2 Rxc2 30. Bxc2 Re8 31. Bxd6 Rxe2 32. Rf2 Re3 33. Bc5
Re1+ 34. Kg2 h5 35. f6 gxf6 36. Bd4 Be6 37. Rxf6 Kg8 38. Rh6 Kf8 39. Bf6 Ke8
40. Kf2 Rc1 41. Bd3 Rc5 42. Ke3 Kd7 43. b4 Rc1 44. Rxh5 Re1+ 45. Kd2 Rg1 46.
Rh4 Rg2+ 47. Kc1 Rg1+ 48. Kb2 Rg2+ 49. Kc3 Ra2 50. Rd4+ Bd5 51. Bf5+ Kd6 52.
Rd2 Rxa3+ 53. Kd4 Rb3 54. Be5+ Ke7 55. Kc5 b6+ 56. Kxb6 Rxb4+ 57. Kc7 f6 58.
Bd6+ Kf7 59. Bxb4 1-0

[Event "VII Weekend A"]
[Site "Porto Sant'Elpidio ITA"]
[Date "2004.11.20"]
[Round "4"]
[White "Giobbi, Costantino"]
[Black "Bruno, Fabio"]
[Result "1-0"]
[WhiteElo "1831"]
[BlackElo "2368"]
[PlyCount "115"]
[EventDate "2004.11.13"]

1. d4 d5 2. c4 c6 3. Nc3 Nf6 4. Nf3 e6 5. g3 Ne4 6. Bg2 f5 7. Qb3 Nd7 8. Bf4
Be7 9. a4 a5 10. c5 O-O 11. Qc2 b6 12. cxb6 Qxb6 13. O-O Bf6 14. Ne5 Nxe5 15.
dxe5 Be7 16. Nxe4 fxe4 17. Kh1 Bd7 18. Bh3 Rab8 19. Rab1 Qd4 20. Kg2 g5 21. Qd2
Qxd2 22. Bxd2 Rb3 23. f4 gxf4 24. Rxf4 Rxf4 25. gxf4 Bc5 26. Bg4 Bb6 27. e3
Bxe3 28. Bxe3 Rxe3 29. b4 axb4 30. Rxb4 Kf8 31. Rb7 Ke8 32. Rb8+ Ke7 33. Rh8 c5
34. Rxh7+ Kd8 35. Rh8+ Kc7 36. Rh7 Kc6 37. Rh6 c4 38. f5 c3 39. fxe6 Bxe6 40.
Rxe6+ Kc5 41. Re8 Kd4 42. e6 c2 43. Rc8 Rc3 44. Rxc3 Kxc3 45. e7 c1=Q 46. e8=Q
Qd2+ 47. Kh3 Qe3+ 48. Kg2 d4 49. Qc6+ Kd2 50. Qc4 Qc3 51. Qe2+ Kc1 52. Qxe4 d3
53. Bf5 Qd2+ 54. Kf1 Qxh2 55. Qe3+ Kb2 56. Qf2+ Qxf2+ 57. Kxf2 Ka3 58. a5 1-0

[Event "VII Weekend A"]
[Site "Porto Sant'Elpidio ITA"]
[Date "2004.11.20"]
[Round "4"]
[White "Ljubisavljevic, Zivojin Z."]
[Black "Fioravanti, Diego"]
[Result "1-0"]
[WhiteElo "2273"]
[BlackElo "2170"]
[PlyCount "81"]
[EventDate "2004.11.13"]

1. c4 Nf6 2. Nc3 e6 3. e4 c5 4. f4 d6 5. Nf3 Nc6 6. d3 Be7 7. Be2 O-O 8. O-O a6
9. h3 Rb8 10. a4 Nd7 11. g4 f5 12. exf5 exf5 13. g5 Nb4 14. Nh4 b6 15. Bf3 Bb7
16. Bxb7 Rxb7 17. Qf3 Rb8 18. Nd5 Nc2 19. Rb1 b5 20. Qe2 Bxg5 21. fxg5 Nd4 22.
Qe7 bxa4 23. Bf4 Ne5 24. Bxe5 dxe5 25. Qxd8 Rbxd8 26. Rf2 f4 27. Nf3 Nc6 28.
Ra1 Rb8 29. Rxa4 a5 30. Re2 Rb3 31. Ra3 Rxa3 32. bxa3 Rf5 33. Kf2 Kf7 34. Rb2
Nd8 35. Rb8 Ke8 36. Rc8 h6 37. gxh6 gxh6 38. Rxc5 a4 39. Ra5 Nb7 40. Ra8+ Kd7
41. Ra7 1-0

[Event "VII Weekend A"]
[Site "Porto Sant'Elpidio ITA"]
[Date "2004.11.20"]
[Round "4"]
[White "Miandro, Roberto"]
[Black "Mircoli, Filippo"]
[Result "1-0"]
[WhiteElo "2024"]
[BlackElo "1922"]
[PlyCount "37"]
[EventDate "2004.11.13"]

1. c4 e6 2. Nf3 Nf6 3. b3 d5 4. Bb2 Be7 5. g3 O-O 6. Bg2 c5 7. O-O Nc6 8. e3
dxc4 9. bxc4 Bd7 10. d4 b6 11. d5 exd5 12. cxd5 Nb4 13. d6 Ba4 14. dxe7 Qxd1
15. exf8=Q+ Rxf8 16. Rxd1 Bxd1 17. Nc3 Bc2 18. Rc1 Rd8 19. a3 1-0

[Event "VII Weekend A"]
[Site "Porto Sant'Elpidio ITA"]
[Date "2004.11.20"]
[Round "4"]
[White "Padovani, Alessio"]
[Black "Marozzi, Giovanni"]
[Result "1/2-1/2"]
[WhiteElo "2107"]
[BlackElo "1964"]
[PlyCount "114"]
[EventDate "2004.11.13"]

1. c4 e6 2. g3 d5 3. Bg2 dxc4 4. Na3 Bxa3 5. bxa3 Nf6 6. Qa4+ Nbd7 7. Qxc4 O-O
8. Bb2 Nb6 9. Qc2 c6 10. Nf3 Qe7 11. O-O Rd8 12. d4 Bd7 13. e4 Rac8 14. Rac1
Be8 15. Rfe1 Nfd7 16. Rcd1 f6 17. a4 Nf8 18. a5 Nbd7 19. Qb3 b6 20. axb6 axb6
21. Ba3 c5 22. dxc5 bxc5 23. Nd4 Bf7 24. e5 Nxe5 25. f4 Qe8 26. fxe5 cxd4 27.
exf6 gxf6 28. Qf3 Rc3 29. Qg4+ Ng6 30. Bb2 Rc4 31. Bf1 Rb4 32. Rd2 e5 33. Bd3
Be6 34. Qf3 Qf7 35. Rf1 Kg7 36. Rdf2 Bxa2 37. Bc1 Bd5 38. Qh5 e4 39. Qh6+ Kg8
40. Rxf6 Qg7 41. Qd2 Rbb8 42. Be2 d3 43. Bh5 Qa7+ 44. Qe3 Qxe3+ 45. Bxe3 Rf8
46. Bxg6 Rxf6 47. Bxh7+ Kf7 48. Bf5 Be6 49. Bxe4 Rxf1+ 50. Kxf1 Bc4 51. Bd2 Ke6
52. Kf2 Rb2 53. Ke3 Ra2 54. h4 Ra7 55. h5 Kf6 56. h6 Bg8 57. Bxd3 Re7+ 1/2-1/2

[Event "VII Weekend A"]
[Site "Porto Sant'Elpidio ITA"]
[Date "2004.11.21"]
[Round "5"]
[White "Bastarelli, Giuseppe"]
[Black "Ljubisavljevic, Zivojin Z."]
[Result "0-1"]
[WhiteElo "2089"]
[BlackElo "2273"]
[PlyCount "72"]
[EventDate "2004.11.13"]

1. Nf3 g6 2. d4 Bg7 3. c4 c5 4. d5 b5 5. cxb5 a6 6. b6 Qxb6 7. Nc3 d6 8. e4 Bg4
9. Be2 Bxf3 10. Bxf3 Nd7 11. O-O Ngf6 12. a4 O-O 13. a5 Qc7 14. Be2 Rfb8 15. f4
Rb4 16. Ra4 Rab8 17. Bc4 Rxa4 18. Qxa4 Rb4 19. Qa2 Ng4 20. h3 Bd4+ 21. Kh1 Nf2+
22. Kh2 Nf6 23. Re1 Qc8 24. Bd2 N2g4+ 25. Kg3 Bf2+ 26. Kf3 Bxe1 27. Bxe1 g5 28.
g3 gxf4 29. gxf4 Ne5+ 30. fxe5 Qxh3+ 31. Ke2 Qg2+ 32. Kd1 Ng4 33. Be2 Ne3+ 34.
Kc1 Qg1 35. Kd2 Rd4+ 36. Bd3 c4 0-1

[Event "VII Weekend A"]
[Site "Porto Sant'Elpidio ITA"]
[Date "2004.11.21"]
[Round "5"]
[White "Bruno, Fabio"]
[Black "Fioravanti, Diego"]
[Result "1-0"]
[WhiteElo "2368"]
[BlackElo "2170"]
[PlyCount "79"]
[EventDate "2004.11.13"]

1. d4 c5 2. d5 Nf6 3. Nc3 d6 4. e4 g6 5. f3 Bg7 6. Bg5 Nbd7 7. a4 O-O 8. a5 a6
9. Qd2 Re8 10. Bh6 Bh8 11. Nh3 b5 12. Nf4 Ne5 13. h4 Bg7 14. Bxg7 Kxg7 15. h5
g5 16. h6+ Kh8 17. Nd3 Nxd3+ 18. cxd3 Rg8 19. d4 Bb7 20. b4 cxb4 21. Nd1 Rc8
22. Bd3 e6 23. dxe6 fxe6 24. Qxb4 g4 25. Ne3 gxf3 26. gxf3 Rg3 27. Kf2 Qg8 28.
Qxd6 Bxe4 29. Qxg3 Qxg3+ 30. Kxg3 Bxd3 31. Rac1 Rg8+ 32. Kf2 b4 33. Rhd1 Bg6
34. Rc6 b3 35. Rb6 Nd5 36. Nxd5 exd5 37. Rg1 Bc2 38. Rxg8+ Kxg8 39. Ke3 Kf7 40.
Kd2 1-0

[Event "VII Weekend A"]
[Site "Porto Sant'Elpidio ITA"]
[Date "2004.11.21"]
[Round "5"]
[White "Fioravanti, Emidio"]
[Black "Marozzi, Giovanni"]
[Result "0-1"]
[WhiteElo "1910"]
[BlackElo "1964"]
[PlyCount "111"]
[EventDate "2004.11.13"]

1. e4 c6 2. c4 d5 3. exd5 cxd5 4. cxd5 Qxd5 5. Nc3 Qa5 6. d4 e6 7. Nf3 Nf6 8.
Bd2 Qb6 9. Na4 Qd8 10. Rc1 Be7 11. Bb5+ Bd7 12. Qb3 b6 13. Ba6 Nxa6 14. Qc4 Nb8
15. Nc3 O-O 16. Ne5 Be8 17. h4 Bd6 18. Bg5 h6 19. Qe2 Nc6 20. Nb5 Bb4+ 21. Kf1
a6 22. Nxc6 Bxc6 23. Rxc6 axb5 24. a3 Be7 25. Be3 b4 26. Rc1 bxa3 27. bxa3 Nd5
28. Bd2 Rxa3 29. Qg4 Nf6 30. Qe2 Qxd4 31. g4 Qd3 32. g5 Qxe2+ 33. Kxe2 Ne4 34.
Be3 hxg5 35. hxg5 Bxg5 36. Rh3 Bxe3 37. fxe3 Ra2+ 38. Ke1 Rfa8 39. Rh4 Ra1 40.
Rxa1 Rxa1+ 41. Ke2 f5 42. Kd3 Ra4 43. Rh2 Kf7 44. Rb2 Ra6 45. Kd4 Kf6 46. Rh2
Ra4+ 47. Kd3 g5 48. Rh6+ Ke5 49. Rh8 g4 50. Rg8 b5 51. Rb8 Rb4 52. Kc2 Nf6 53.
Rc8 Nd5 54. e4 Rxe4 55. Rg8 Kd4 56. Rg7 0-1

[Event "VII Weekend A"]
[Site "Porto Sant'Elpidio ITA"]
[Date "2004.11.21"]
[Round "5"]
[White "Paci, Stefano"]
[Black "Giobbi, Costantino"]
[Result "1-0"]
[WhiteElo "2003"]
[BlackElo "1831"]
[PlyCount "65"]
[EventDate "2004.11.13"]

1. d4 d5 2. Nf3 c6 3. c4 Nf6 4. Nc3 e6 5. e3 Nbd7 6. Bd3 dxc4 7. Bxc4 b5 8. Bd3
a6 9. O-O Be7 10. e4 b4 11. Ne2 c5 12. e5 Nd5 13. dxc5 Nxc5 14. Bc2 Bb7 15. Ng3
b3 16. Bxb3 Nxb3 17. Qxb3 Qd7 18. Bg5 f6 19. exf6 gxf6 20. Bh6 Rg8 21. Rad1 Rg6
22. Bc1 Bc6 23. Rd4 Qb7 24. Qxb7 Bxb7 25. Rh4 Rg7 26. Nd4 Kf7 27. Re1 Nc7 28.
Bf4 Nd5 29. Nxe6 Nxf4 30. Rxf4 Rgg8 31. Rh4 Rh8 32. Nf5 Bd5 33. Nc7 1-0

[Event "VII Weekend A"]
[Site "Porto Sant'Elpidio ITA"]
[Date "2004.11.21"]
[Round "5"]
[White "Padovani, Alessio"]
[Black "Miandro, Roberto"]
[Result "0-1"]
[WhiteElo "2107"]
[BlackElo "2024"]
[PlyCount "74"]
[EventDate "2004.11.13"]

1. c4 e5 2. g3 d5 3. Bg2 d4 4. Nh3 Bd6 5. O-O Nf6 6. d3 h6 7. e4 dxe3 8. fxe3
O-O 9. d4 c6 10. Nc3 exd4 11. exd4 Bb4 12. Nf4 Bg4 13. Qd3 Re8 14. Bd2 Na6 15.
Rae1 Qd7 16. Nfe2 Nc5 17. Qc2 Ne6 18. d5 cxd5 19. Rxf6 gxf6 20. Nxd5 Be7 21.
Bxh6 Qd6 22. Qe4 f5 23. Nxe7+ Rxe7 24. Qb1 Nd4 25. Nxd4 Qxd4+ 26. Kh1 Rae8 27.
Rxe7 Rxe7 28. Qc1 Qd1+ 29. Qxd1 Bxd1 30. Bd5 b6 31. Bd2 Bc2 32. Bc3 Re2 33. Kg1
Be4 34. h4 Rg2+ 35. Kf1 Rxg3 36. Bxe4 fxe4 37. Bf6 Rf3+ 0-1

[Event "VII Weekend A"]
[Site "Porto Sant'Elpidio ITA"]
[Date "2004.11.21"]
[Round "6"]
[White "Bruno, Fabio"]
[Black "Paci, Stefano"]
[Result "1-0"]
[WhiteElo "2368"]
[BlackElo "2003"]
[PlyCount "37"]
[EventDate "2004.11.13"]

1. d4 Nf6 2. Nf3 e6 3. e3 b6 4. Bd3 Bb7 5. O-O d5 6. c4 Be7 7. Nc3 Nbd7 8. b3
O-O 9. Bb2 c5 10. Qe2 Rc8 11. Rac1 dxc4 12. bxc4 Qc7 13. Ne5 Rfd8 14. f4 cxd4
15. exd4 Nf8 16. f5 Qb8 17. fxe6 Nxe6 18. Nxf7 Kxf7 19. Rce1 1-0

[Event "VII Weekend A"]
[Site "Porto Sant'Elpidio ITA"]
[Date "2004.11.21"]
[Round "6"]
[White "Fioravanti, Diego"]
[Black "Padovani, Alessio"]
[Result "1-0"]
[WhiteElo "2170"]
[BlackElo "2107"]
[PlyCount "99"]
[EventDate "2004.11.13"]

1. e4 e5 2. Nf3 Nc6 3. d4 exd4 4. Bc4 Nf6 5. O-O d6 6. c3 dxc3 7. Nxc3 Bg4 8.
Bf4 Bxf3 9. Qxf3 Be7 10. Rad1 O-O 11. e5 Nd7 12. exd6 Bxd6 13. Bxd6 cxd6 14.
Rxd6 Nde5 15. Bxf7+ Rxf7 16. Rxd8+ Rxd8 17. Qe2 Re7 18. Qb5 Red7 19. h3 Ng6 20.
Qb3+ Kh8 21. Ne4 Nd4 22. Qa3 a6 23. Kh2 h6 24. Nc5 Rf7 25. Nxb7 Rxb7 26. Qxa6
Rxb2 27. Qxg6 Rxa2 28. Re1 Rxf2 29. Re8+ Rf8 30. Rxf8+ Rxf8 31. Qd6 Nf3+ 32.
Kg3 Rf6 33. Qd8+ Kh7 34. gxf3 Rg6+ 35. Kf4 Rf6+ 36. Ke4 Re6+ 37. Kf5 Ra6 38. h4
Rc6 39. Qe8 Rf6+ 40. Ke4 Rb6 41. f4 Rg6 42. h5 Rb6 43. Qe7 Rb5 44. f5 Rb6 45.
Ke5 Rb5+ 46. Ke6 Ra5 47. Qb7 Ra2 48. f6 Re2+ 49. Kf7 Rg2 50. Qb1+ 1-0

[Event "VII Weekend A"]
[Site "Porto Sant'Elpidio ITA"]
[Date "2004.11.21"]
[Round "6"]
[White "Giobbi, Costantino"]
[Black "Bastarelli, Giuseppe"]
[Result "0-1"]
[WhiteElo "1831"]
[BlackElo "2089"]
[PlyCount "70"]
[EventDate "2004.11.13"]

1. d4 e6 2. Nc3 Nf6 3. Bg5 Be7 4. e3 d5 5. Nf3 c5 6. Ne5 Nc6 7. Bb5 Bd7 8. Nxd7
Nxd7 9. Bxe7 Qxe7 10. dxc5 Qxc5 11. Bxc6 Qxc6 12. Qd4 Nf6 13. O-O O-O 14. Rfd1
b5 15. Rac1 Rfe8 16. Qh4 a5 17. Ne2 e5 18. c3 Rab8 19. a3 Qc4 20. Qxc4 bxc4 21.
Rc2 Rb5 22. h3 Reb8 23. f4 exf4 24. Nxf4 g5 25. Ne2 Rxb2 26. Rxb2 Rxb2 27. Nd4
Ne4 28. Rf1 Nxc3 29. Rf5 h6 30. Nc6 Rb5 31. Kh2 Kg7 32. Kg3 Ne4+ 33. Kg4 c3 34.
Nd4 Rb2 35. Rxd5 Nf6+ 0-1

[Event "VII Open Internazionale"]
[Site "Pescara ITA"]
[Date "2004.11.11"]
[Round "1"]
[White "Chilingirova, Pavlina"]
[Black "Di Pierdomenico, Gianni"]
[Result "1-0"]
[WhiteElo "2178"]
[BlackElo "1736"]
[PlyCount "69"]
[EventDate "2004.11.11"]

1. c4 Nf6 2. Nc3 g6 3. g3 Bg7 4. Bg2 O-O 5. d4 d6 6. e4 e5 7. Nge2 Nbd7 8. O-O
exd4 9. Nxd4 Nc5 10. f3 a5 11. Be3 c6 12. Qd2 Nfd7 13. h3 a4 14. Rfe1 Ne5 15.
b3 axb3 16. axb3 Rxa1 17. Rxa1 Qc7 18. f4 Ned7 19. b4 Na6 20. Rb1 Re8 21. Ndb5
Qb8 22. Na3 Rd8 23. Nc2 Qc7 24. Rd1 Bf6 25. Bd4 Be7 26. Qf2 Re8 27. Na4 Nxb4
28. Nxb4 Qa5 29. Qb2 c5 30. Bg7 f6 31. Nd5 Kxg7 32. Nac3 Qd8 33. Nb5 Nb6 34.
Nxe7 Qxe7 35. Nxd6 1-0

[Event "VII Open Internazionale"]
[Site "Pescara ITA"]
[Date "2004.11.11"]
[Round "1"]
[White "Giacchetti, Claudio"]
[Black "Cerquitella, Luca"]
[Result "0-1"]
[WhiteElo "1786"]
[BlackElo "2180"]
[PlyCount "98"]
[EventDate "2004.11.11"]

1. d4 Nf6 2. Nf3 d5 3. Bg5 e6 4. Nbd2 c5 5. c3 Be7 6. e3 O-O 7. Bd3 Nc6 8. O-O
Nd7 9. Bxe7 Qxe7 10. Re1 Qf6 11. Rc1 b6 12. Bb5 Bb7 13. e4 a6 14. e5 Qh6 15.
Ba4 f6 16. exf6 Qxf6 17. Bxc6 Bxc6 18. Qe2 Rfe8 19. Ne5 Nxe5 20. Qxe5 Bb5 21.
Re3 cxd4 22. Qxd4 Qxd4 23. cxd4 Rac8 24. Rcc3 Rxc3 25. bxc3 Rc8 26. f4 Kf7 27.
Kf2 h6 28. h4 Bc4 29. a3 Ba2 30. Nf3 Bb1 31. Ne5+ Ke7 32. g4 Be4 33. Kg3 Kd6
34. h5 b5 35. Nf3 Rc4 36. Nd2 Ra4 37. Nxe4+ dxe4 38. Rxe4 Rxa3 39. g5 Rxc3+ 40.
Kg4 Rc1 41. g6 Rf1 42. Re5 Rd1 43. Re4 a5 44. Re5 Rg1+ 45. Kf3 Rb1 46. d5 exd5
47. Re8 a4 48. Rg8 a3 49. Rxg7 a2 0-1

[Event "VII Open Internazionale"]
[Site "Pescara ITA"]
[Date "2004.11.11"]
[Round "1"]
[White "Logallo, Claudio"]
[Black "Georgiev, Krum I."]
[Result "0-1"]
[WhiteElo "2022"]
[BlackElo "2448"]
[PlyCount "80"]
[EventDate "2004.11.11"]

1. e4 c5 2. Nf3 d6 3. d4 cxd4 4. Nxd4 Nf6 5. Nc3 Bd7 6. Bc4 e6 7. Bb3 Nc6 8.
Nde2 a6 9. Ng3 h5 10. h4 Ng4 11. Bg5 Qb6 12. Qd2 Qd4 13. Qe2 Rc8 14. Rd1 Qc5
15. O-O Be7 16. Na4 Nd4 17. Qd3 Bxa4 18. Bxa4+ Nc6 19. Bxe7 Kxe7 20. Bxc6 Rxc6
21. c3 g5 22. Qd4 Qxd4 23. Rxd4 gxh4 24. Ne2 Rg8 25. Rd3 Nf6 26. f3 Nd7 27. Kf2
Rc5 28. Rh1 Rcg5 29. Rh2 Ne5 30. Rd4 R8g6 31. b3 h3 32. g3 Rf6 33. Nf4 h4 34.
gxh4 Rg8 35. Ke3 Rg3 36. Rxh3 Rxh3 37. Nxh3 Rxf3+ 38. Kd2 Rxh3 39. Rb4 b5 40.
a4 Nc6 0-1

[Event "VII Open Internazionale"]
[Site "Pescara ITA"]
[Date "2004.11.11"]
[Round "1"]
[White "Luciani, Valerio"]
[Black "Amaranto, Luca"]
[Result "1-0"]
[WhiteElo "2182"]
[BlackElo "1889"]
[PlyCount "81"]
[EventDate "2004.11.11"]

1. d4 d5 2. c4 e6 3. Nc3 Nf6 4. cxd5 exd5 5. Bg5 Be7 6. e3 O-O 7. Qc2 Nbd7 8.
Bd3 Re8 9. Nge2 Nf8 10. O-O Bg4 11. f3 Bh5 12. Nf4 c6 13. Bxf6 Bxf6 14. Nxh5
Rxe3 15. Nxf6+ Qxf6 16. Rad1 g6 17. Rf2 Ne6 18. Bf1 Re8 19. Qd2 Ng7 20. Re2
Rxe2 21. Nxe2 Nf5 22. Ng3 Nd6 23. b3 h5 24. Qh6 Re6 25. Qd2 a6 26. Nh1 Qg7 27.
Nf2 Qf6 28. Nh3 Nf5 29. Qf4 Qe7 30. Ng5 Rf6 31. Qe5 Qd8 32. Bd3 Ng7 33. Re1 Ne6
34. g3 Nxg5 35. Qxg5 Qd6 36. Qh6 Qd7 37. f4 Re6 38. Re5 Rxe5 39. fxe5 Qg4 40.
Qe3 h4 41. Be2 1-0

[Event "VII Open Internazionale"]
[Site "Pescara ITA"]
[Date "2004.11.11"]
[Round "1"]
[White "Rebeggiani, Andrea"]
[Black "Aleksic, Nenad"]
[Result "0-1"]
[WhiteElo "1932"]
[BlackElo "2393"]
[PlyCount "54"]
[EventDate "2004.11.11"]

1. e4 c5 2. f4 e6 3. Nf3 a6 4. d3 Nf6 5. g3 Be7 6. Bg2 O-O 7. O-O Nc6 8. Nc3 b5
9. h3 Bb7 10. g4 d5 11. e5 Nd7 12. Bd2 Qc7 13. Qe1 Rae8 14. Qg3 b4 15. Ne2 f6
16. c3 fxe5 17. fxe5 bxc3 18. bxc3 Ndxe5 19. Nxe5 Qxe5 20. Qxe5 Nxe5 21. d4 Nc4
22. Bf4 Bc6 23. g5 Bb5 24. a4 Bc6 25. Nc1 cxd4 26. cxd4 Bb4 27. Nd3 Bc3 0-1

[Event "VII Open Internazionale"]
[Site "Pescara ITA"]
[Date "2004.11.11"]
[Round "1"]
[White "Tonelli, Claudio"]
[Black "Scuderi, David"]
[Result "0-1"]
[WhiteElo "1696"]
[BlackElo "2071"]
[PlyCount "74"]
[EventDate "2004.11.11"]

1. d4 Nf6 2. Nf3 c5 3. c3 d5 4. dxc5 e6 5. b4 a5 6. a3 b6 7. b5 Bxc5 8. a4 O-O
9. Bg5 Bxf2+ 10. Kxf2 Ne4+ 11. Kg1 Nxg5 12. Nxg5 Qxg5 13. Qd4 Nd7 14. h4 Qc1
15. c4 Qxc4 16. Qxc4 dxc4 17. Na3 Ne5 18. Rc1 Bb7 19. Rh3 Rac8 20. Rhc3 Rc5 21.
g3 Rfc8 22. Bg2 Bxg2 23. Kxg2 Kf8 24. Kf2 Ke7 25. Nb1 Ng4+ 26. Kf3 Nf6 27. Nd2
Rf5+ 28. Kg2 Nd5 29. Ra3 c3 30. Nf1 Re5 31. Kf3 Rc4 32. Rc2 Ree4 33. h5 Rxa4
34. Rxa4 Rxa4 35. e4 Nc7 36. Rxc3 Nxb5 37. Rc6 Nd4+ 0-1

[Event "VII Open Internazionale"]
[Site "Pescara ITA"]
[Date "2004.11.11"]
[Round "1"]
[White "Velikov, Petar V."]
[Black "Grasso, Nino"]
[Result "1-0"]
[WhiteElo "2442"]
[BlackElo "2003"]
[PlyCount "69"]
[EventDate "2004.11.11"]

1. Nf3 d5 2. g3 c5 3. Bg2 Nc6 4. O-O e5 5. d3 Nf6 6. c3 Be7 7. a3 O-O 8. Nfd2
Be6 9. b4 a6 10. Bb2 Qd7 11. bxc5 Bxc5 12. c4 Bh3 13. Nb3 Ba7 14. N1d2 Bxg2 15.
Kxg2 Rfe8 16. Rc1 dxc4 17. Rxc4 b5 18. Rc2 Qd5+ 19. e4 Qd7 20. Nf3 Rac8 21. Nc5
Bxc5 22. Rxc5 Red8 23. Qc2 Qxd3 24. Qxd3 Rxd3 25. Rfc1 Nxe4 26. Rxc6 Rcd8 27.
Re1 f5 28. Rxa6 Nc5 29. Ra7 Rb3 30. Bxe5 Nd3 31. Re3 b4 32. axb4 Rxb4 33. Rxg7+
Kf8 34. Ng5 Rb6 35. Nxh7+ 1-0

[Event "VII Open Internazionale"]
[Site "Pescara ITA"]
[Date "2004.11.12"]
[Round "2"]
[White "Aleksic, Nenad"]
[Black "Logallo, Claudio"]
[Result "1-0"]
[WhiteElo "2393"]
[BlackElo "2022"]
[PlyCount "69"]
[EventDate "2004.11.11"]

1. e4 c5 2. Nf3 d6 3. d4 cxd4 4. Nxd4 Nf6 5. Nc3 a6 6. g3 e5 7. Nde2 Be7 8. a4
b6 9. Bg2 Bb7 10. h3 Nbd7 11. g4 Rc8 12. Ng3 g6 13. Be3 Nc5 14. Qd2 h5 15. gxh5
Nxh5 16. Nxh5 Rxh5 17. O-O-O Ne6 18. Kb1 g5 19. Bf3 Rh8 20. Bg4 Rc4 21. b3 Rc6
22. Nd5 Nf4 23. f3 a5 24. Qf2 Rc5 25. Bxc5 Nxd5 26. Rxd5 bxc5 27. Rd2 Bc8 28.
Rhd1 f6 29. Qe2 Bxg4 30. hxg4 Kf8 31. Qc4 Qe8 32. Kb2 Kg7 33. Rd5 Rh2 34. Rxd6
Bxd6 35. Rxd6 1-0

[Event "VII Open Internazionale"]
[Site "Pescara ITA"]
[Date "2004.11.12"]
[Round "2"]
[White "Amaranto, Luca"]
[Black "Giacchetti, Claudio"]
[Result "0-1"]
[WhiteElo "1889"]
[BlackElo "1786"]
[PlyCount "78"]
[EventDate "2004.11.11"]

1. d4 d5 2. Nf3 Nf6 3. Bf4 Bg4 4. Nbd2 Nbd7 5. e3 e6 6. Bd3 Bd6 7. Bxd6 cxd6 8.
c4 O-O 9. O-O e5 10. cxd5 Nxd5 11. Qb3 N7b6 12. Rac1 Be6 13. Qa3 Qb8 14. Ng5
Nf6 15. Nde4 Nxe4 16. Bxe4 Bc4 17. Bxh7+ Kh8 18. Bd3 d5 19. dxe5 Qxe5 20. Nf3
Qh5 21. Rfd1 a6 22. Qa5 Qh6 23. b3 Bxd3 24. Rxd3 Rac8 25. Rcd1 Qf6 26. Rd4 Rc2
27. Rf4 Qd6 28. Rb4 Nd7 29. Rxb7 Nf6 30. Rb6 Rxa2 31. Qb4 Qxb4 32. Rxb4 Rc8 33.
Nd4 Ne4 34. f3 Nf2 35. Rf1 Nd3 36. Rb7 Kg8 37. Nf5 Rcc2 38. Rd1 Rxg2+ 39. Kf1
Raf2# 0-1

[Event "VII Open Internazionale"]
[Site "Pescara ITA"]
[Date "2004.11.12"]
[Round "2"]
[White "Cerquitella, Luca"]
[Black "Luciani, Valerio"]
[Result "1-0"]
[WhiteElo "2180"]
[BlackElo "2182"]
[PlyCount "57"]
[EventDate "2004.11.11"]

1. e4 e6 2. d4 d5 3. Nc3 Bb4 4. e5 c5 5. Qg4 Ne7 6. dxc5 Nbc6 7. Bd2 O-O 8. Nf3
Bxc5 9. Bd3 Ng6 10. Qg3 Bb6 11. h4 Bc7 12. Bxg6 fxg6 13. h5 Rxf3 14. Qxf3 Nxe5
15. Qe2 g5 16. Nb5 Bb8 17. h6 g6 18. Bc3 Nf7 19. O-O-O e5 20. Qf3 d4 21. Rhe1
g4 22. Qe2 Bd7 23. Nxd4 exd4 24. Rxd4 Be5 25. Qd3 Qg5+ 26. Bd2 Bf5 27. Bxg5
Bxd3 28. Rxd3 Re8 29. Bd2 1-0

[Event "VII Open Internazionale"]
[Site "Pescara ITA"]
[Date "2004.11.12"]
[Round "2"]
[White "Di Pierdomenico, Gianni"]
[Black "Rebeggiani, Andrea"]
[Result "1-0"]
[WhiteElo "1736"]
[BlackElo "1932"]
[PlyCount "57"]
[EventDate "2004.11.11"]

1. d4 Nf6 2. c4 e5 3. dxe5 Ng4 4. Nf3 Bc5 5. e3 Nc6 6. Nc3 O-O 7. Be2 Re8 8. e6
fxe6 9. O-O d6 10. a3 a5 11. Qc2 Nce5 12. b3 Nxf3+ 13. Bxf3 Qh4 14. h3 Nf6 15.
Bb2 e5 16. Ne4 Bf5 17. Nxf6+ Qxf6 18. Bd5+ Kh8 19. Be4 Rf8 20. Rad1 Qg6 21.
Bxf5 Rxf5 22. Qd3 Raf8 23. Bc3 Bxa3 24. Bxa5 Qf7 25. Be1 e4 26. Qxe4 Re8 27.
Qxb7 Rxe3 28. Qa8+ Re8 29. Qxa3 1-0

[Event "VII Open Internazionale"]
[Site "Pescara ITA"]
[Date "2004.11.12"]
[Round "2"]
[White "Georgiev, Krum I."]
[Black "Chilingirova, Pavlina"]
[Result "1-0"]
[WhiteElo "2448"]
[BlackElo "2178"]
[PlyCount "97"]
[EventDate "2004.11.11"]

1. e4 c5 2. Nf3 d6 3. d4 cxd4 4. Qxd4 Nc6 5. Bb5 Bd7 6. Bxc6 Bxc6 7. Nc3 Nf6 8.
Bg5 e6 9. O-O-O Be7 10. Rhe1 Qc7 11. Qd2 O-O 12. Nd4 a6 13. f4 h6 14. Nxc6 Qxc6
15. Bxf6 Bxf6 16. Qxd6 Bxc3 17. Qxc6 Bxb2+ 18. Kxb2 bxc6 19. Rd6 Rfc8 20. Kc3
Rab8 21. Red1 g5 22. f5 exf5 23. exf5 Kg7 24. a4 a5 25. Rd7 Rb4 26. R1d6 Rxa4
27. Rg6+ Kf8 28. Rf6 Ra3+ 29. Kb2 Re3 30. Rdxf7+ Kg8 31. Rb7 Re5 32. Rg6+ Kf8
33. Rxh6 Kg8 34. f6 Rb5+ 35. Rxb5 cxb5 36. Rg6+ Kf7 37. Rxg5 Kxf6 38. Rxb5 Rh8
39. h3 Rg8 40. g4 Rh8 41. Rf5+ Kg6 42. Rf3 Rb8+ 43. Rb3 Rh8 44. c4 Kf6 45. c5
Ke5 46. Rc3 Rb8+ 47. Ka2 Kd4 48. Rc1 Rh8 49. c6 1-0

[Event "VII Open Internazionale"]
[Site "Pescara ITA"]
[Date "2004.11.12"]
[Round "2"]
[White "Grasso, Nino"]
[Black "Tonelli, Claudio"]
[Result "1-0"]
[WhiteElo "2003"]
[BlackElo "1696"]
[PlyCount "75"]
[EventDate "2004.11.11"]

1. e4 c5 2. c3 e6 3. d4 cxd4 4. cxd4 d5 5. e5 Bb4+ 6. Nc3 Qa5 7. Bd2 a6 8. a3
Be7 9. Qg4 g6 10. Rc1 Qd8 11. Nxd5 Nc6 12. Nxe7 Ngxe7 13. Nf3 Nf5 14. Bc3 Qd5
15. Bd3 h5 16. Qf4 Nce7 17. O-O Bd7 18. Ng5 Bc6 19. Be4 Qb5 20. Bxc6+ bxc6 21.
Ne4 Nd5 22. Qf3 a5 23. h3 h4 24. Kh2 Rh5 25. g4 hxg3+ 26. fxg3 O-O-O 27. g4 Nh4
28. Qxf7 Qe2+ 29. Rf2 Qxe4 30. gxh5 Nc7 31. Bxa5 Rd7 32. Qf4 Qxf4+ 33. Rxf4 g5
34. Rxh4 gxh4 35. Rxc6 Kb7 36. Rxc7+ Rxc7 37. Bxc7 Kxc7 38. h6 1-0

[Event "VII Open Internazionale"]
[Site "Pescara ITA"]
[Date "2004.11.12"]
[Round "2"]
[White "Scuderi, David"]
[Black "Velikov, Petar V."]
[Result "0-1"]
[WhiteElo "2071"]
[BlackElo "2442"]
[PlyCount "68"]
[EventDate "2004.11.11"]

1. e4 c5 2. c3 Nf6 3. e5 Nd5 4. d4 cxd4 5. cxd4 e6 6. Bc4 Nb6 7. Bb3 d5 8. f4
Nc6 9. Nf3 a5 10. O-O a4 11. Bc2 Nb4 12. Nc3 Nxc2 13. Qxc2 Be7 14. Nb5 Nc4 15.
Bd2 Bd7 16. Nc3 O-O 17. b3 Nxd2 18. Qxd2 axb3 19. axb3 Bb4 20. Qd3 Qb6 21. Ng5
g6 22. Qh3 Qxd4+ 23. Kh1 h5 24. Rxa8 Rxa8 25. Ne2 Ra1 26. Rxa1 Qxa1+ 27. Ng1
Qc1 28. Qh4 Be7 29. Qg3 Qc2 30. h3 d4 31. N1f3 Qxb3 32. Ne4 Qb1+ 33. Qe1 Qxe1+
34. Nxe1 Bc6 0-1